Pays de l'Union européenne et de l'OTAN - Mort subite - Statistiques

Statistiques générales
  • Ce quiz a été pris 126 fois
  • Le résultat moyen est 7 sur 23
Answers on the Grid
Answers color-coded by a green-red scale on the quiz's grid according to % correct below.
Autriche
Chypre
Irlande
Malte
Belgique
Bulgarie
Croatie
Tchéquie
Danemark
Estonie
Finlande
France
Allemagne
Grèce
Hongrie
Italie
Lettonie
Lituanie
Luxembourg
Pays-Bas
Pologne
Portugal
Roumanie
Slovaquie
Slovénie
Espagne
Suède
Albanie
Islande
Monténégro
Macédoine du Nord
Norvège
Royaume-Uni
 
Statistiques - réponses
Réponse % Correct
France
56%
Allemagne
53%
Italie
52%
Belgique
45%
Espagne
44%
Pays-Bas
44%
Pologne
38%
Portugal
38%
Luxembourg
31%
Danemark
28%
Grèce
28%
Roumanie
27%
Hongrie
25%
Bulgarie
22%
Croatie
22%
Estonie
22%
Tchéquie
22%
Slovaquie
20%
Slovénie
19%
Finlande
17%
Lettonie
17%
Lituanie
17%
Suède
17%
Aucun quiz correspondant
Distribution des résultats
% des personnes avec chaque résultat
Percentile par nombre de réponses
Votre historique - résultats
Vous n’avez pas pris ce quiz